Countries with Largest Forest Areas - Statistics

General Stats
  • This quiz has been taken 336 times
  • The average score is 15 of 20
Answer Stats
Area (km^2) Country % Correct
7,762,602 Russia
97%
4,776,980 Brazil
96%
3,101,340 Canada
95%
1,821,000 China
94%
3,030,890 USA
94%
778,424 India
88%
1,470,832 Australia
86%
710,000 Mexico
86%
945,336 Argentina
84%
884,950 Indonesia
83%
687,420 Peru
79%
607,280 Colombia
75%
1,219,326 DR Congo
75%
471,378 Venezuela
75%
587,400 Bolivia
67%
430,560 Burma/Myanmar
48%
591,040 Angola
45%
675,460 Sudan (including South Sudan)
38%
376,309 Zambia
36%
620,000 Mozambique
34%
No matching quizzes found
Score Distribution
Percent of People with Each Score
Percentile by Number Answered
Your Score History
You have not taken this quiz